Stemmi Squadre di calcio dal dettaglio - Quiz n°4 - Statistics

Statistiche generali
  • Questo quiz è stato fatto 13 volte
  • Il punteggio medio è 7 su 10
Statistiche sulle risposte
con Immagini Risposta % Corretto
Atletico Bilbao
100%
Napoli
100%
Malmö
85%
Werder Brema
85%
Hull City
77%
Almeria
69%
Angers
69%
Dnipro
54%
Arsenal
31%
Guangzhou
23%
Nessun quiz corrispondente trovato
Distribuzione punteggi
Percentuale di utenti per punteggio
Percentile per numero di risposta
I tuoi punteggi nel tempo
Non hai fatto questo quiz